000 00626nam a2200169 i 4500
001 164312
003 ES-MaACL
005 20251003063143.0
008 050729s1864 fr | |||||||| ||fre d
040 _aCAM
_bspa
_cCAM
100 1 _aTardieu, Jules,
_d1805-1868
_9132285
245 1 0 _aDolorès
_b: légende /
_cpar J.T. de Saint-Germain [seudónimo de J. Tardieu].
260 _aParis :
_bJules Tardieu, éditeur,
_c1864 (
_fImp. Simon Raçon et C.)
300 _a212 p. ;
_c16 cm.
852 _aES-MaACL
_jT-221-F-2
_z-- Enc. hol., falto de la cub. original
_z-- Enc. en un vol. facticio
999 _c164312
_d164312